| 000 | 00498nam a2200169Ia 4500 | ||
|---|---|---|---|
| 999 |
_c27371 _d27371 |
||
| 003 | OSt | ||
| 005 | 20201203115924.0 | ||
| 008 | 190216s9999||||xx |||||||||||||| ||und|| | ||
| 040 | _coclc | ||
| 082 |
_a894.8123 _bRAJ/O |
||
| 100 |
_aRajalakshmi, T A _97169 |
||
| 245 | 0 |
_aOru Vazhiyum Kure Nizhalukalum / _cT A Rajalakshmi |
|
| 260 |
_bCurrent Books, _c1965. _aThrissur: |
||
| 300 | _a187p | ||
| 650 | _aMalayalam Novel | ||
| 942 |
_cBK _2ddc _h894.8123 _iRAJ/O _k894.8123 _mRAJ/O |
||